Courts' review of completion (Record no. 72042)
[ view plain ]
| 000 -LEADER | |
|---|---|
| fixed length control field | 01429cam a2200241 4500 |
| 001 - CONTROL NUMBER | |
| control field | ABS66314 |
| 008 - FIXED-LENGTH DATA ELEMENTS--GENERAL INFORMATION | |
| fixed length control field | 030204n2003 000 0 eng u |
| 035 ## - SYSTEM CONTROL NUMBER | |
| System control number | (Sirsi) u121225 |
| 100 ## - MAIN ENTRY--PERSONAL NAME | |
| Personal name | Knowles, R. |
| 245 ## - TITLE STATEMENT | |
| Title | Courts' review of completion |
| 260 ## - PUBLICATION, DISTRIBUTION, ETC. | |
| Date of publication, distribution, etc. | 2003 |
| 490 ## - SERIES STATEMENT | |
| Series statement | Civil Engineering Surveyor |
| Volume/sequential designation | December/January 2003, 24(1) |
| 520 ## - SUMMARY, ETC. | |
| Summary, etc. | Reviews the concept of practical completion, for which there is a clause in most standard forms of construction contract, in the light of "Skanska Corporation Regions Ltd v Anglo-Amsterdam Corporation" TCC (see a121203 for full report) where JCT WCD 1981 was employed. In this case the parties disputed the date by which the contractor had achieved practical completion. It was decided on appeal in TCC in favour of Skanska, practical completion being 'deemed' to have taken place at the earlier date. The judgment centred on the interpretation of cl17. Suggests that JCT should amend cl17 following this decision and examines the ICE Conditions of Contract 7th Edition cl48(3) to see how it could be affected. |
| 590 ## - LOCAL NOTE (RLIN) | |
| Local note | ABS |
| 650 ## - SUBJECT ADDED ENTRY--TOPICAL TERM | |
| Topical term or geographic name entry element | SKANSKA CONSTRUCTION (REGIONS) LTD V ANGLO-AMSTERDAM CORPORATION LTD |
| 650 ## - SUBJECT ADDED ENTRY--TOPICAL TERM | |
| Topical term or geographic name entry element | JCT WCD 1981 CL17 |
| 650 ## - SUBJECT ADDED ENTRY--TOPICAL TERM | |
| Topical term or geographic name entry element | PRACTICAL COMPLETION |
| 650 ## - SUBJECT ADDED ENTRY--TOPICAL TERM | |
| Topical term or geographic name entry element | PARTIAL POSSESSION |
| 650 ## - SUBJECT ADDED ENTRY--TOPICAL TERM | |
| Topical term or geographic name entry element | OVERRUN |
| 650 ## - SUBJECT ADDED ENTRY--TOPICAL TERM | |
| Topical term or geographic name entry element | ICE CONDITIONS OF CONTRACT 7TH EDITION CL48(3) |
| 690 ## - LOCAL SUBJECT ADDED ENTRY--TOPICAL TERM (OCLC, RLIN) | |
| Topical term or geographic name as entry element | BUILT ENVIRONMENT-BUILDING CONTRACT FORMS |
| 942 ## - ADDED ENTRY ELEMENTS (KOHA) | |
| Suppress in OPAC | 0 |
| Withdrawn status | Lost status | Source of classification or shelving scheme | Damaged status | Not for loan | Home library | Current library | Shelving location | Date acquired | Total Checkouts | Full call number | Barcode | Date last seen | Copy number | Price effective from | Koha item type |
|---|---|---|---|---|---|---|---|---|---|---|---|---|---|---|---|
| Dewey Decimal Classification | London | London | Journal article | 04/02/2003 | ABS66314 | 121225-1001 | 06/08/2019 | 1 | 06/08/2019 | Journal article |